000 00416nam a2200181Ia 4500
001 787
005 20260306140543.0
008 260306t2003||||xx |||||||||||||| ||spa||
041 _aESP
082 _a165
_bL536
100 _aLeocata, Francisco
_eAUT
245 0 _aPersona, lenguaje, realidad
260 _c2003
300 _a425 páginas :
_c23 cm.
650 _aGEN
654 _aCHU
942 _cLIB
_dJUS
_fJUS
_2ddc
_n
999 _c787
_d787